Word Perfect 5.1 (Record no. 14260)

MARC details
000 -LEADER
fixed length control field 00486nam a22001697a 4500
003 - CONTROL NUMBER IDENTIFIER
control field URS
005 - DATE AND TIME OF LATEST TRANSACTION
control field 20220114171612.0
008 - FIXED-LENGTH DATA ELEMENTS--GENERAL INFORMATION
fixed length control field 170324b xxu||||| |||| 00| 0 eng d
020 ## - INTERNATIONAL STANDARD BOOK NUMBER
International Standard Book Number 0256134782
050 ## - LIBRARY OF CONGRESS CALL NUMBER
Classification number QA76.76
Item number W63H978
100 ## - MAIN ENTRY--PERSONAL NAME
Personal name Hutchinson, Sarah E.
Relator code author
245 ## - TITLE STATEMENT
Title Word Perfect 5.1
Statement of responsibility, etc. Sarah E. Hutchinson, Stacey C. Sawyer
260 ## - PUBLICATION, DISTRIBUTION, ETC.
Place of publication, distribution, etc. Burr Ridge Illinois:
Name of publisher, distributor, etc. Irwin,
Date of publication, distribution, etc. 1993
300 ## - PHYSICAL DESCRIPTION
Extent x, 174 pages;
Dimensions 28 cm.
700 ## - ADDED ENTRY--PERSONAL NAME
Relator code author
Personal name Sawyer, Sarah C.
942 ## - ADDED ENTRY ELEMENTS (KOHA)
Koha item type Foreign Books
Source of classification or shelving scheme Library of Congress Classification
Holdings
Withdrawn status Source of classification or shelving scheme Damaged status Not for loan Collection code Home library Current library Shelving location Date acquired Total Checkouts Full call number Barcode Date last seen Price effective from Koha item type
  Library of Congress Classification     Non-fiction Binangonan College Library Binangonan College Library Foreign Section 06/07/2023   QA76.76 W63H978 URSBIN-0624 03/10/2016 03/10/2016 Foreign Books
  Library of Congress Classification     Non-fiction Binangonan College Library Binangonan College Library Foreign Section 06/07/2023   QA76.76 W63H978 URSBIN-0625 03/10/2016 03/10/2016 Foreign Books

University of Rizal System
Email us at univlibservices@urs.edu.ph

Visit our Website www.urs.edu.ph/library